000
00250 a2200097 4500
001
54994
100
_a
Gibilisco, Sta
245
_a
Teach yourself electricity and electronics
260
_a
Ny
_b
McGraw-Hill, NY
_c
2001
090
_c
34091
_d
34091
942
_a
NUST-CAE
_c
MONOGRAPH
_c
26771
999
_c
290067
_d
290067